00320nam a2200145Ia 4500008004100000020001400041050001400055100001800069245001200087245002100099260001000120260001900130260000900149300001600158170918s9999 xx 000 0 und d a440414806 bS121 1998 aSachar, Louis aHoles / cby Louis Sachar. aUSA : bYearling Book, c1998 a233 pages :